000
00223nam a22000857a 4500
008
170131b xxu||||| |||| 00| 0 eng d
100
_9
2687
_a
Khosla.V.K.etal.
245
_a
ABC- Science Multiple-Q
260
_a
New Delhi
_b
Holy
_c
2009
999
_c
5848
_d
5848